| 000 | 00590nam a2200193Ia 4500 | ||
|---|---|---|---|
| 003 | IN-BaIIA | ||
| 008 | 211028s9999 xx 000 0 eng d | ||
| 020 | _a978-0-521-19775-5 | ||
| 040 | _cIIA Library | ||
| 080 |
_a523.07 _bCIR |
||
| 100 |
_aCirkovic, Milan M _935327 |
||
| 245 | 4 |
_aThe Astrobiological landscape _bphilosophical foundation of the study of cosmic life _cMilan M. Cirkovic |
|
| 260 |
_aCambridge _bCambridge University Press _c2012 |
||
| 300 | _aviii, 266p. | ||
| 490 | _aCambridge astrobiology; 7 | ||
| 650 |
_aAstrobiology _925948 |
||
| 650 | _aCosmology | ||
| 942 | _cBK | ||
| 999 |
_c18403 _d18403 |
||